| 000 | 00754nam a2200205 a 4500 | ||
|---|---|---|---|
| 001 | 000030748 | ||
| 003 | OSt | ||
| 005 | 20201009155250.0 | ||
| 008 | 110527s1946 dr 000 0 spa d | ||
| 040 |
_aDO-SdBNP _bspa _cBNPHU |
||
| 082 |
_a330.97293053 _bP438a |
||
| 100 | 1 |
_aPérez Licairac, Horacio _924281 |
|
| 245 | 1 | 0 |
_aAspectos de la liberación financiera de la República / _cHorario Pérez Licairac. |
| 260 |
_a[Santo Domingo] : _b[s.n. ], _c1946. |
||
| 300 |
_a30 p. ; _c21 cm. |
||
| 590 | _aInventariado, 2019 / DG | ||
| 651 | 4 |
_aRepública Dominicana _xPolítica económica _xHistoria _yEra de Trujillo, 1930-1961 _976833 |
|
| 651 | 4 |
_aRepública Dominicana _xPolítica y gobierno _xHistoria _yEra de Trujillo, 1930-1961 _913076 |
|
| 942 |
_2ddc _cLF1 |
||
| 999 |
_c30240 _d30240 |
||